Happy Days Cast - Statistics

General Stats
  • This quiz has been taken 58 times
  • The average score is 8 of 13
Answer Stats
Hint Answer % Correct
Arthur Fonzarelli Henry Winkler
92%
Richie Cunningham Ron Howard
92%
Howard Cunningham Tom Bosley
88%
Joanie Cunningham Erin Moran
83%
Ralph Malph Don Most
77%
Marion Cunningham Marion Ross
73%
Chachi Arcola Scott Baio
71%
Potsie Weber Anson Williams
65%
Arnold Takahashi Pat Morita
46%
Roger Phillips Ted McGinley
44%
Al DelVecchio Al Molinaro
33%
Jenny Piccalo Cathy Silvers
29%
Lori Beth Cunningham Lynda Goodfriend
23%
No matching quizzes found
Score Distribution
Percent of People with Each Score
Percentile by Number Answered
Your Score History
You have not taken this quiz